2011 Panduan telefon pelanggan perniagaan : Johor.
| Corporate Author: | |
|---|---|
| Format: | Book |
| Published: |
Kuala Lumpur:
Telekom Publications,
2011.
|
| Subjects: |
| LEADER | 00513cam a2200157 7i4500 | ||
|---|---|---|---|
| 001 | 0000026336 | ||
| 005 | 20110714090000.0 | ||
| 022 | 0 | 0 | |a 13948946 |
| 090 | 0 | 0 | |a M 910.259595 |b TEL |
| 110 | 2 | 0 | |a Telekom Malaysia Group |
| 245 | 2 | 0 | |a 2011 Panduan telefon pelanggan perniagaan : |b Johor. |
| 260 | 0 | 0 | |a Kuala Lumpur: |b Telekom Publications, |c 2011. |
| 300 | # | # | |a [v.p]. |
| 650 | 0 | 0 | |a Telephone -- |x Directories -- |z Johor, Malaysia |
| 651 | 0 | 0 | |a Johor, Malaysia |
| 999 | |a JHR000252H |b Directories |c Malaysia |e MATRADE Southern Regional Office | ||